| 000 | 00909nam a22002297a 4500 | ||
|---|---|---|---|
| 005 | 20240530110501.0 | ||
| 008 | 150702s2007 ua abo f 000 0 ara d | ||
| 017 |
_a2007/13877 _bمصر . دار الكتب المصرية |
||
| 020 | _a9789774197542 | ||
| 040 | _aEG-CaGPL | ||
| 082 | 0 | 4 |
_221 _a720.97\ _bح ع |
| 100 | 0 | _aحجاجى ابراهيم محمد | |
| 245 | 1 | 2 |
_aالعمارة الاسلامية فى شرق افريقيا / _cحجاجى ابراهيم محمد |
| 260 |
_aالقاهرة : _bالهيئة المصرية العامة للكتاب ، _c2007 . |
||
| 300 |
_a291 ص : _bايض ؛ _c24 سم . |
||
| 650 | 0 | 4 | _aالعمارة الاسلامية |
| 650 | 0 | 4 |
_aالعمارة الاسلامية _zشرق افريقيا |
| 650 | 0 | 4 |
_aالمتحف البريطانى _zلندن |
| 651 | 0 | 4 |
_aارتريا _xعمارة |
| 942 |
_2ddc _cBK |
||
| 999 |
_c61470 _d61470 |
||